| 000 | 00509nam a22001937a 4500 | ||
|---|---|---|---|
| 003 | CEME | ||
| 005 | 20210628202833.0 | ||
| 008 | 210120b xxu||||| |||| 00| 0 eng d | ||
| 020 | _a0-393-97774-2 | ||
| 040 | _cceme | ||
| 082 | _a820.8 NOR | ||
| 100 |
_aAbrams, M.H _961877 |
||
| 245 | _aThe norton anthology of english literature | ||
| 250 | _a7TH | ||
| 260 |
_aNEW YORK _bNORTON _c2000 |
||
| 300 | _aVOL-1 | ||
| 650 |
_aENGLISH LITERATURE, GREAT BRITAIN LITERARY COLLECTION _961878 |
||
| 942 |
_cBK _2ddc |
||
| 999 |
_c571175 _d571175 |
||